00370nam a2200169Ia 4500008004100000041000800041100001400049245003500063250000900098260001700107300000900124500000900133520001200142520001500154650001200169999001900181230606s2019 xx 000 0 und d aeng aM c Grath aBasic managerial Skill for all a19th bP.H.I.c2019 a812p a2279 aGeneral aHard Board aG.SKILL c421294d421294